|
|
|
|
| LEADER |
00000nam0a2200000 4500 |
| 001 |
154447 |
| 005 |
20231031151901.0 |
| 010 |
|
|
|a 586740012X
|
| 020 |
|
|
|a RU
|b 92-24048
|
| 035 |
|
|
|a (RuTPU)RU\TPU\book\167528
|
| 090 |
|
|
|a 154447
|
| 100 |
|
|
|a 20090226d1992 m y0rusy5003 ca
|
| 101 |
1 |
|
|a rus
|c eng
|
| 102 |
|
|
|a RU
|
| 105 |
|
|
|a a z 000ay
|
| 200 |
1 |
|
|a Призрачный город
|e сборник научно-фантаст. произведений
|f М. Муркок
|g худож. Н. Е. Иванова ; Н. В. Любешкина
|
| 210 |
|
|
|a Москва
|c Фея
|d 1992
|
| 215 |
|
|
|a 399 с.
|c ил.
|
| 225 |
1 |
|
|a Мастера мировой фантастики
|
| 333 |
|
|
|a Исключено из фонда НТБ ТПУ
|
| 700 |
|
1 |
|a Муркок
|b М.
|g Майкл
|
| 702 |
|
1 |
|a Иванова
|b Н. Е.
|4 440
|
| 702 |
|
1 |
|a Любешкина
|b Н. В.
|4 440
|
| 801 |
|
0 |
|a RU
|b RuMRKP
|c 19950417
|g psbo
|
| 801 |
|
1 |
|a RU
|b 63413507
|c 20090226
|g PSBO
|
| 801 |
|
2 |
|a RU
|b 63413507
|c 20220623
|g PSBO
|
| 942 |
|
|
|c BK
|